000 00592nam a2200193 i 4500
001 98163
003 ES-MaACL
005 20240421063022.0
007 t|
008 050726s1956 sp ||||1| spa d
100 1 _aMarrodán, Mario Ángel,
_d1932-2005
_977080
245 1 3 _aEl laurel sombrío
_b: antología /
_cMario Angel Marrodán.
260 _aGuadalajara :
_b[s.n.],
_c1956 (
_fBachende)
300 _a14 h. ;
_c17 cm.
490 1 _aDoña Endrina ;
_v16
830 0 _aDoña Endrina ;
_v16
_9182860
852 _aES-MaACL
_j1987-F-15
_bR.40005
999 _c98163
_d98163